Normal view
MARC view
- Santos, María Josefa
Entry Nombre Personal
001 - NUMERO DE CONTROL
- campo de control: 45167
003 - IDENTIFICADOR DE NUMERO DE CONTROL
- campo de control: DLC
005 - FECHA Y HORA DE LA ÜLTIMA TRANSACCIÓN
- campo de control: 20220816084712.0
008 - DATOS DE LONGITUD FIJA
- campo de control de longitud fija: 220816n| acannaabn |a aaa
010 ## - NÚMERO DE CONTROL DE LA BIBLIOTECA DEL CONGRESO
- Número de control LC: n 98076666
035 ## - NUMERO DE CONTROL
- Número de control: (OCoLC)oca04802435
040 ## - FUENTE DE CATALOGACIÓN
- Agencia original de catalogación: DLC
- Lenguaje de catalogación: spa
- Agencia de transcripción: DLC
- Agencia que lo modifica: OCoLC
- Agencia que lo modifica: MX-MxUPN
100 1# - ENCABEZAMIENTO - NOMBRE PERSONAL
- Nombre personal: Santos, María Josefa
373 ## - GRUPO ASOCIADO
- Associated group: Universidad Nacional Autónoma de México. Centro para la Innovación Tecnológica
374 ## - OCUPACIÓN
- Occupation: Investigadora
400 1# - VEÁSE - NOMBRE DE PERSONA
- Personal name: Santos Corral, María Josefa
400 1# - VEÁSE - NOMBRE DE PERSONA
- Personal name: Corral, María Josefa Santos
670 ## - FUENTE EN LA QUE SE LOCALIZARON DATOS
- Cita de la fuente: Innovación tecnológica y procesos culturales, 1997:
- Información localizada: portada (María Josefa Santos) solapa delantera (María Josefa Santos Corral; investigadora del Centro para la Innovación Tecnológica de la Universidad Nacional Autónoma de México)
902 ## - CATALOGADOR
- Catalogador: NDAF/160822
